[Event "Chess Masters Gent 2023"]
[Site "Ghent, Belgium"]
[Date "2023.07.13"]
[Round "3.6"]
[White "Van Der Stricht, Geert"]
[Black "Grooten, Herman"]
[Result "1-0"]
[TimeControl "90'/40 + 30' + 30\"/M"]
[WhiteTitle "IM"]
[BlackTitle "IM"]
[WhiteFideId "201324"]
[BlackFideId "1000330"]
[WhiteElo "2329"]
[BlackElo "2241"]

1. d4 {[%clk 01:30:56]} {[%emt 00:00:02]} Nf6 {[%clk 01:30:52]} {[%emt
00:00:09]} 2. c4 {[%clk 01:31:21]} {[%emt 00:00:05]} c5 {[%clk 01:31:13]}
{[%emt 00:00:09]} 3. d5 {[%clk 01:31:42]} {[%emt 00:00:08]} b5 {[%clk
01:31:31]} {[%emt 00:00:12]} 4. cxb5 {[%clk 01:31:51]} {[%emt 00:00:21]} a6
{[%clk 01:31:53]} {[%emt 00:00:08]} 5. bxa6 {[%clk 01:32:15]} {[%emt 00:00:06]}
g6 {[%clk 01:32:12]} {[%emt 00:00:11]} 6. Nc3 {[%clk 01:31:53]} {[%emt
00:00:52]} Bg7 {[%clk 01:32:35]} {[%emt 00:00:07]} 7. g3 {[%clk 01:29:25]}
{[%emt 00:02:58]} d6 {[%clk 01:32:25]} {[%emt 00:00:39]} 8. Bg2 {[%clk
01:28:26]} {[%emt 00:01:29]} O-O {[%clk 01:31:09]} {[%emt 00:01:47]} 9. Nf3
{[%clk 01:23:29]} {[%emt 00:05:26]} Nbd7 {[%clk 01:30:26]} {[%emt 00:01:13]} 10.
O-O {[%clk 01:22:45]} {[%emt 00:01:14]} Nb6 {[%clk 01:30:01]} {[%emt 00:00:54]}
11. e4 {[%clk 01:18:38]} {[%emt 00:04:38]} Bxa6 {[%clk 01:29:44]} {[%emt
00:00:47]} 12. Re1 {[%clk 01:18:19]} {[%emt 00:00:48]} Nfd7 {[%clk 01:29:19]}
{[%emt 00:00:55]} 13. Bf1 {[%clk 01:10:06]} {[%emt 00:08:43]} Nc4 {[%clk
01:20:15]} {[%emt 00:09:33]} 14. Bxc4 {[%clk 00:53:09]} {[%emt 00:17:27]} Bxc4
{[%clk 01:20:37]} {[%emt 00:00:09]} 15. Qc2 {[%clk 00:50:09]} {[%emt 00:03:29]}
Qa5 {[%clk 01:07:36]} {[%emt 00:13:31]} 16. Bf4 {[%clk 00:38:02]} {[%emt
00:12:37]} Bxc3 {[%clk 00:45:30]} {[%emt 00:22:37]} 17. bxc3 {[%clk 00:37:53]}
{[%emt 00:00:38]} f6 {[%clk 00:45:28]} {[%emt 00:00:32]} 18. a4 {[%clk
00:30:00]} {[%emt 00:08:23]} Rfb8 {[%clk 00:44:23]} {[%emt 00:01:35]} 19. Nd2
{[%clk 00:28:06]} {[%emt 00:02:24]} Qa6 {[%clk 00:43:30]} {[%emt 00:01:22]} 20.
a5 {[%clk 00:23:06]} {[%emt 00:05:31]} Bd3 {[%clk 00:39:34]} {[%emt 00:04:26]}
21. Qd1 {[%clk 00:21:34]} {[%emt 00:02:02]} c4 {[%clk 00:37:48]} {[%emt
00:02:16]} 22. Be3 {[%clk 00:19:53]} {[%emt 00:02:11]} Qc8 {[%clk 00:37:31]}
{[%emt 00:00:47]} 23. Qg4 {[%clk 00:13:56]} {[%emt 00:06:27]} Nc5 {[%clk
00:24:37]} {[%emt 00:13:24]} 24. Qxc8+ {[%clk 00:14:17]} {[%emt 00:00:09]} Rxc8
{[%clk 00:25:00]} {[%emt 00:00:07]} 25. Bxc5 {[%clk 00:14:22]} {[%emt
00:00:25]} Rxc5 {[%clk 00:25:00]} {[%emt 00:00:31]} 26. a6 {[%clk 00:14:45]}
{[%emt 00:00:06]} Ra7 {[%clk 00:23:17]} {[%emt 00:02:14]} 27. f3 {[%clk
00:12:00]} {[%emt 00:03:15]} Rb5 {[%clk 00:20:08]} {[%emt 00:03:39]} 28. Ra2
{[%clk 00:12:23]} {[%emt 00:00:07]} Kf7 {[%clk 00:18:22]} {[%emt 00:02:16]} 29.
Kf2 {[%clk 00:12:21]} {[%emt 00:00:31]} e6 {[%clk 00:15:59]} {[%emt 00:02:54]}
30. dxe6+ {[%clk 00:12:33]} {[%emt 00:00:19]} Kxe6 {[%clk 00:16:25]} {[%emt
00:00:04]} 31. Rea1 {[%clk 00:11:32]} {[%emt 00:01:30]} d5 {[%clk 00:16:05]}
{[%emt 00:00:50]} 32. Ra5 {[%clk 00:09:10]} {[%emt 00:02:52]} Rb2 {[%clk
00:09:11]} {[%emt 00:07:25]} 33. exd5+ {[%clk 00:05:19]} {[%emt 00:04:21]} Kd6
{[%clk 00:09:34]} {[%emt 00:00:07]} 34. Ke3 {[%clk 00:02:26]} {[%emt 00:03:23]}
f5 {[%clk 00:05:22]} {[%emt 00:04:42]} 35. R1a2 {[%clk 00:02:19]} {[%emt
00:00:37]} Rxa2 {[%clk 00:05:34]} {[%emt 00:00:19]} 36. Rxa2 {[%clk 00:02:43]}
{[%emt 00:00:06]} Kxd5 {[%clk 00:06:00]} {[%emt 00:00:04]} 37. Ra5+ {[%clk
00:02:14]} {[%emt 00:00:59]} Kc6 {[%clk 00:06:21]} {[%emt 00:00:09]} 38. Kd4
{[%clk 00:01:52]} {[%emt 00:00:52]} Rd7+ {[%clk 00:04:00]} {[%emt 00:02:52]} 39.
Ke5 {[%clk 00:01:55]} {[%emt 00:00:25]} Ra7 {[%clk 00:02:30]} {[%emt 00:02:01]}
40. Ra2 {[%clk 00:01:30]} {[%emt 00:00:54]} Kb6 {[%clk 00:01:57]} {[%emt
00:01:04]} 41. Kd6 {[%clk 00:01:08]} {[%emt 00:00:51]} Rxa6 {[%clk 00:28:02]}
{[%emt 00:04:26]} 42. Rxa6+ {[%clk 00:31:10]} {[%emt 00:00:28]} Kxa6 {[%clk
00:28:27]} {[%emt 00:00:04]} 43. Kc5 {[%clk 00:31:26]} {[%emt 00:00:14]} Be2
{[%clk 00:26:15]} {[%emt 00:02:42]} 44. f4 {[%clk 00:31:32]} {[%emt 00:00:24]}
Ka5 {[%clk 00:26:33]} {[%emt 00:00:13]} 45. Nxc4+ {[%clk 00:31:18]} {[%emt
00:00:44]} Ka4 {[%clk 00:26:21]} {[%emt 00:00:42]} 46. Ne5 {[%clk 00:24:12]}
{[%emt 00:07:36]} Kb3 {[%clk 00:26:29]} {[%emt 00:00:22]} 47. Kd4 {[%clk
00:24:24]} {[%emt 00:00:18]} Kc2 {[%clk 00:24:08]} {[%emt 00:02:51]} 48. Nd7
{[%clk 00:23:37]} {[%emt 00:01:17]} Bb5 {[%clk 00:22:23]} {[%emt 00:02:16]} 49.
Nf8 {[%clk 00:22:35]} {[%emt 00:01:31]} Kd2 {[%clk 00:22:48]} {[%emt 00:00:05]}
50. Nxh7 {[%clk 00:22:52]} {[%emt 00:00:13]} Ke2 {[%clk 00:23:04]} {[%emt
00:00:15]} 51. c4 {[%clk 00:19:00]} {[%emt 00:04:22]} Be8 {[%clk 00:21:03]}
{[%emt 00:02:31]} 52. Nf6 {[%clk 00:18:45]} {[%emt 00:00:44]} Ba4 {[%clk
00:21:05]} {[%emt 00:00:29]} 53. Nd5 {[%clk 00:18:43]} {[%emt 00:00:31]} Kf3
{[%clk 00:21:09]} {[%emt 00:00:26]} 54. Ne7 {[%clk 00:18:55]} {[%emt 00:00:18]}
Kg2 {[%clk 00:18:13]} {[%emt 00:03:27]} 55. Ke3 {[%clk 00:17:49]} {[%emt
00:01:35]} Kxh2 {[%clk 00:18:30]} {[%emt 00:00:14]} 56. Kf2 {[%clk 00:15:20]}
{[%emt 00:02:59]} Kh3 {[%clk 00:18:53]} {[%emt 00:00:06]} 57. Nxg6 {[%clk
00:15:10]} {[%emt 00:00:40]} 1-0

[Event "Chess Masters Gent 2023"]
[Site "Ghent, Belgium"]
[Date "2023.07.13"]
[Round "3.7"]
[White "Miedema, David"]
[Black "Dauw, Sterre"]
[Result "1/2-1/2"]
[TimeControl "90'/40 + 30' + 30\"/M"]
[WhiteTitle "IM"]
[BlackTitle "FM"]
[WhiteFideId "1018477"]
[BlackFideId "248886"]
[WhiteElo "2375"]
[BlackElo "2244"]

1. d4 {[%clk 01:30:59]} Nf6 {[%clk 01:30:55]} {[%emt 00:00:05]} 2. c4 {[%clk
01:31:26]} {[%emt 00:00:03]} g6 {[%clk 01:31:21]} {[%emt 00:00:04]} 3. f3
{[%clk 01:31:52]} {[%emt 00:00:04]} Bg7 {[%clk 01:31:46]} {[%emt 00:00:04]} 4.
e4 {[%clk 01:32:18]} {[%emt 00:00:04]} d6 {[%clk 01:32:12]} {[%emt 00:00:04]} 5.
Nc3 {[%clk 01:32:44]} {[%emt 00:00:05]} a6 {[%clk 01:32:39]} {[%emt 00:00:04]}
6. Be3 {[%clk 01:32:36]} {[%emt 00:00:38]} c6 {[%clk 01:32:52]} {[%emt
00:00:16]} 7. Bd3 {[%clk 01:29:59]} {[%emt 00:03:07]} Nbd7 {[%clk 01:30:53]}
{[%emt 00:02:29]} 8. Nge2 {[%clk 01:29:45]} {[%emt 00:00:44]} c5 {[%clk
01:29:45]} {[%emt 00:01:38]} 9. Qd2 {[%clk 01:28:59]} {[%emt 00:01:16]} O-O
{[%clk 01:28:26]} {[%emt 00:01:48]} 10. O-O {[%clk 01:27:27]} {[%emt 00:02:03]}
e6 {[%clk 01:09:49]} {[%emt 00:19:07]} 11. Rfd1 {[%clk 01:21:41]} {[%emt
00:06:15]} b6 {[%clk 01:04:30]} {[%emt 00:05:50]} 12. Rab1 {[%clk 01:13:10]}
{[%emt 00:09:01]} Bb7 {[%clk 01:04:23]} {[%emt 00:00:37]} 13. a4 {[%emt
00:06:01]} Qc7 {[%clk 01:00:28]} 14. b3 {[%clk 01:12:00]} {[%emt 00:00:34]}
Rfe8 {[%clk 00:54:08]} {[%emt 00:06:49]} 15. d5 {[%clk 01:09:42]} {[%emt
00:02:49]} exd5 {[%clk 00:54:15]} {[%emt 00:00:24]} 16. cxd5 {[%clk 01:08:42]}
{[%emt 00:01:29]} Ne5 {[%clk 00:53:52]} {[%emt 00:00:52]} 17. Bc4 {[%clk
01:08:49]} {[%emt 00:00:23]} Bc8 {[%clk 00:54:04]} {[%emt 00:00:18]} 18. Ng3
{[%clk 01:01:41]} {[%emt 00:07:38]} h5 {[%clk 00:37:10]} {[%emt 00:17:23]} 19.
Be2 {[%clk 01:02:05]} {[%emt 00:00:06]} h4 {[%clk 00:37:15]} {[%emt 00:00:26]}
20. Nh1 {[%clk 01:02:31]} {[%emt 00:00:04]} Nh5 {[%clk 00:32:00]} {[%emt
00:05:45]} 21. Bg5 {[%clk 00:57:00]} {[%emt 00:06:01]} h3 {[%clk 00:28:18]}
{[%emt 00:04:11]} 22. g4 {[%clk 00:56:58]} {[%emt 00:00:33]} Nf6 {[%clk
00:28:40]} {[%emt 00:00:08]} 23. Nf2 {[%clk 00:56:22]} {[%emt 00:01:06]} Rb8
{[%clk 00:26:07]} {[%emt 00:03:04]} 24. Nxh3 {[%clk 00:46:13]} {[%emt
00:10:39]} b5 {[%clk 00:24:27]} {[%emt 00:02:10]} 25. axb5 {[%clk 00:46:36]}
{[%emt 00:00:07]} axb5 {[%clk 00:24:53]} {[%emt 00:00:05]} 26. Nf2 {[%clk
00:42:21]} {[%emt 00:04:45]} Qa5 {[%clk 00:23:32]} {[%emt 00:01:51]} 27. b4
{[%clk 00:40:39]} {[%emt 00:02:12]} cxb4 {[%clk 00:19:32]} {[%emt 00:04:30]} 28.
Na2 {[%clk 00:40:04]} {[%emt 00:01:04]} Qa3 {[%clk 00:19:45]} {[%emt 00:00:18]}
29. Kg2 {[%clk 00:39:38]} {[%emt 00:00:57]} b3 {[%clk 00:18:02]} {[%emt
00:02:13]} 30. Nc1 {[%clk 00:36:17]} {[%emt 00:03:50]} Nc4 {[%clk 00:13:42]}
{[%emt 00:04:51]} 31. Rxb3 {[%clk 00:27:36]} {[%emt 00:09:11]} Qxb3 {[%clk
00:13:36]} {[%emt 00:00:36]} 32. Nxb3 {[%clk 00:28:03]} {[%emt 00:00:03]} Nxd2
{[%clk 00:13:58]} {[%emt 00:00:07]} 33. Rxd2 {[%clk 00:28:30]} {[%emt
00:00:03]} Bd7 {[%clk 00:13:58]} {[%emt 00:00:29]} 34. Bf4 {[%clk 00:27:24]}
{[%emt 00:01:36]} Rb6 {[%clk 00:11:43]} {[%emt 00:02:46]} 35. Ra2 {[%clk
00:27:32]} {[%emt 00:00:23]} Rc8 {[%clk 00:12:06]} {[%emt 00:00:06]} 36. Ra7
{[%clk 00:26:37]} {[%emt 00:01:25]} Be8 {[%clk 00:12:28]} {[%emt 00:00:08]} 37.
Na5 {[%clk 00:21:44]} {[%emt 00:05:23]} Nd7 {[%clk 00:04:20]} {[%emt 00:08:37]}
38. Nc6 {[%clk 00:20:44]} {[%emt 00:01:30]} Bf8 {[%clk 00:03:47]} {[%emt
00:01:03]} 39. Nd3 {[%clk 00:19:49]} {[%emt 00:01:26]} Nb8 {[%clk 00:02:53]}
{[%emt 00:01:24]} 40. Ncb4 {[%clk 00:19:35]} {[%emt 00:00:44]} Nd7 {[%clk
00:02:35]} {[%emt 00:00:48]} 41. Ne1 {[%clk 00:14:25]} {[%emt 00:05:40]} Nc5
{[%clk 00:27:09]} {[%emt 00:05:56]} 42. Nec2 {[%clk 00:44:39]} {[%emt
00:00:15]} Bg7 {[%clk 00:26:34]} {[%emt 00:01:04]} 43. Be3 {[%clk 00:40:55]}
{[%emt 00:04:14]} Rbb8 {[%clk 00:23:50]} {[%emt 00:03:15]} 44. Bf4 {[%clk
00:28:50]} {[%emt 00:12:36]} Be5 {[%clk 00:16:54]} {[%emt 00:07:25]} 45. Bxe5
{[%clk 00:25:18]} {[%emt 00:04:02]} dxe5 {[%clk 00:17:10]} {[%emt 00:00:13]} 46.
Re7 {[%clk 00:24:58]} {[%emt 00:00:50]} Kf8 {[%clk 00:09:53]} {[%emt 00:07:47]}
47. Rxe5 {[%clk 00:18:36]} {[%emt 00:06:52]} f6 {[%clk 00:10:01]} {[%emt
00:00:22]} 48. Rxe8+ {[%clk 00:19:02]} {[%emt 00:00:05]} Kxe8 {[%clk 00:09:11]}
{[%emt 00:01:19]} 49. Nd4 {[%clk 00:18:34]} {[%emt 00:00:58]} Kf8 {[%clk
00:07:57]} {[%emt 00:01:44]} 50. h4 {[%clk 00:17:05]} {[%emt 00:01:59]} Rb6
{[%clk 00:07:04]} {[%emt 00:01:23]} 51. g5 {[%clk 00:15:00]} {[%emt 00:02:35]}
Na6 {[%clk 00:04:37]} {[%emt 00:02:57]} 52. Nxa6 {[%clk 00:15:16]} {[%emt
00:00:15]} Rxa6 {[%clk 00:04:53]} {[%emt 00:00:14]} 53. Bxb5 {[%clk 00:15:42]}
{[%emt 00:00:04]} Ra2+ {[%clk 00:05:16]} {[%emt 00:00:07]} 54. Kg3 {[%clk
00:16:09]} {[%emt 00:00:03]} Rd2 {[%clk 00:02:29]} {[%emt 00:03:17]} 55. Ne6+
{[%clk 00:15:12]} {[%emt 00:01:26]} Ke7 {[%clk 00:02:50]} {[%emt 00:00:09]} 56.
Nf4 {[%clk 00:15:30]} {[%emt 00:00:12]} Rg8 {[%clk 00:02:02]} {[%emt 00:01:18]}
57. Bc4 {[%clk 00:14:40]} {[%emt 00:01:21]} fxg5 {[%clk 00:02:26]} {[%emt
00:00:06]} 58. hxg5 {[%clk 00:14:25]} {[%emt 00:00:45]} Kd6 {[%clk 00:02:48]}
{[%emt 00:00:08]} 59. Nd3 {[%clk 00:12:35]} {[%emt 00:02:20]} Re8 {[%clk
00:01:09]} {[%emt 00:02:09]} 60. Kf4 {[%clk 00:12:54]} {[%emt 00:00:11]} Re2
{[%clk 00:01:24]} {[%emt 00:00:16]} 61. Bb5 {[%clk 00:05:21]} {[%emt 00:08:03]}
Rf8+ {[%clk 00:01:40]} {[%emt 00:00:13]} 62. Kg3 {[%clk 00:05:48]} {[%emt
00:00:03]} Re3 {[%clk 00:02:05]} {[%emt 00:00:06]} 63. Nf4 {[%clk 00:06:14]}
{[%emt 00:00:04]} Rxf3+ {[%clk 00:00:52]} {[%emt 00:01:43]} 64. Kxf3 {[%clk
00:06:28]} {[%emt 00:00:16]} Ke5 {[%clk 00:01:20]} {[%emt 00:00:03]} 65. Be8
{[%clk 00:05:40]} {[%emt 00:01:18]} Rxf4+ {[%clk 00:01:39]} {[%emt 00:00:11]}
66. Kg3 {[%clk 00:06:00]} {[%emt 00:00:09]} Rxe4 {[%clk 00:02:05]} {[%emt
00:00:05]} 67. Bxg6 {[%clk 00:06:24]} {[%emt 00:00:06]} Rd4 {[%clk 00:02:32]}
{[%emt 00:00:03]} 68. Bf7 {[%clk 00:06:39]} {[%emt 00:00:15]} Kf5 {[%clk
00:02:58]} {[%emt 00:00:04]} 69. g6 {[%clk 00:07:02]} {[%emt 00:00:07]} Rxd5
{[%clk 00:03:22]} {[%emt 00:00:06]} 70. Bxd5 {[%clk 00:07:28]} {[%emt
00:00:04]} Kxg6 {[%clk 00:03:47]} {[%emt 00:00:04]} 1/2-1/2

[Event "Chess Masters Gent 2023"]
[Site "Ghent, Belgium"]
[Date "2023.07.14"]
[Round "4.1"]
[White "Fernandez, Daniel H."]
[Black "Hausrath, Daniel"]
[Result "0-1"]
[TimeControl "90'/40 + 30' + 30\"/M"]
[WhiteTitle "GM"]
[BlackTitle "GM"]
[WhiteFideId "5801605"]
[BlackFideId "4617495"]
[WhiteElo "2518"]
[BlackElo "2442"]

1. e4 {[%clk 01:21:00]} {[%emt 00:09:59]} c5 {[%clk 01:30:43]} {[%emt
00:00:17]} 2. h4 {[%clk 01:18:18]} {[%emt 00:03:12]} Nc6 {[%clk 01:28:43]}
{[%emt 00:02:30]} 3. Bb5 {[%clk 01:18:39]} {[%emt 00:00:09]} Nf6 {[%clk
01:26:25]} {[%emt 00:02:47]} 4. Bxc6 {[%clk 01:16:21]} {[%emt 00:02:49]} dxc6
{[%clk 01:26:35]} {[%emt 00:00:19]} 5. d3 {[%clk 01:16:05]} {[%emt 00:00:47]}
e5 {[%clk 01:26:28]} {[%emt 00:00:37]} 6. a4 {[%clk 01:16:18]} {[%emt
00:00:18]} c4 {[%clk 01:25:50]} {[%emt 00:01:07]} 7. f3 {[%clk 01:12:55]}
{[%emt 00:03:53]} cxd3 {[%clk 01:25:35]} {[%emt 00:00:46]} 8. Qxd3 {[%clk
01:13:22]} {[%emt 00:00:02]} Qxd3 {[%clk 01:23:38]} {[%emt 00:02:26]} 9. cxd3
{[%clk 01:13:50]} {[%emt 00:00:02]} Be6 {[%clk 01:23:56]} {[%emt 00:00:13]} 10.
h5 {[%clk 01:09:41]} {[%emt 00:04:39]} Nd7 {[%clk 01:19:44]} {[%emt 00:04:42]}
11. Be3 {[%clk 01:07:10]} {[%emt 00:03:01]} Nc5 {[%clk 01:15:41]} {[%emt
00:04:32]} 12. Bxc5 {[%clk 01:07:37]} {[%emt 00:00:03]} Bxc5 {[%clk 01:16:06]}
{[%emt 00:00:04]} 13. Nh3 {[%clk 01:06:23]} {[%emt 00:01:44]} f6 {[%clk
01:11:43]} {[%emt 00:04:53]} 14. Ke2 {[%clk 01:05:32]} {[%emt 00:01:22]} O-O-O
{[%clk 01:11:01]} {[%emt 00:01:11]} 15. Nd2 {[%clk 00:55:54]} {[%emt 00:10:08]}
Bd4 {[%clk 00:59:05]} {[%emt 00:12:27]} 16. Rab1 {[%clk 00:55:53]} {[%emt
00:00:31]} Ba2 {[%clk 00:49:43]} {[%emt 00:09:52]} 17. Rbc1 {[%clk 00:56:21]}
{[%emt 00:00:02]} Bf7 {[%clk 00:50:06]} {[%emt 00:00:07]} 18. b4 {[%clk
00:55:32]} {[%emt 00:01:19]} Kb8 {[%clk 00:49:43]} {[%emt 00:00:53]} 19. g4
{[%clk 00:55:28]} {[%emt 00:00:34]} Rd7 {[%clk 00:49:20]} {[%emt 00:00:53]} 20.
Rc2 {[%clk 00:44:43]} {[%emt 00:11:15]} Rhd8 {[%clk 00:44:49]} {[%emt
00:05:00]} 21. Rb1 {[%clk 00:45:11]} {[%emt 00:00:03]} a6 {[%clk 00:28:52]}
{[%emt 00:16:27]} 22. Nb3 {[%clk 00:42:21]} {[%emt 00:03:19]} Ba7 {[%clk
00:28:53]} {[%emt 00:00:30]} 23. Rc3 {[%clk 00:42:47]} {[%emt 00:00:04]} Rd6
{[%clk 00:23:54]} {[%emt 00:05:28]} 24. a5 {[%clk 00:41:46]} {[%emt 00:01:32]}
g6 {[%clk 00:20:07]} {[%emt 00:04:17]} 25. hxg6 {[%clk 00:38:38]} {[%emt
00:03:38]} hxg6 {[%clk 00:20:04]} {[%emt 00:00:32]} 26. g5 {[%clk 00:33:31]}
{[%emt 00:05:37]} Rh8 {[%clk 00:16:12]} {[%emt 00:04:22]} 27. Rh1 {[%clk
00:33:53]} {[%emt 00:00:08]} fxg5 {[%clk 00:13:18]} {[%emt 00:03:24]} 28. Nf2
{[%clk 00:34:11]} {[%emt 00:00:11]} Rxh1 {[%clk 00:12:51]} {[%emt 00:00:58]} 29.
Nxh1 {[%clk 00:34:39]} {[%emt 00:00:02]} Kc7 {[%clk 00:07:56]} {[%emt
00:05:25]} 30. Nf2 {[%clk 00:35:08]} {[%emt 00:00:02]} Bd4 {[%clk 00:07:36]}
{[%emt 00:00:50]} 31. Nxd4 {[%clk 00:35:36]} {[%emt 00:00:02]} Rxd4 {[%clk
00:07:58]} {[%emt 00:00:08]} 32. Rc1 {[%clk 00:36:02]} {[%emt 00:00:04]} Rxb4
{[%clk 00:07:03]} {[%emt 00:01:25]} 33. Rh1 {[%clk 00:36:30]} {[%emt 00:00:01]}
Be6 {[%clk 00:05:02]} {[%emt 00:02:31]} 34. Rh6 {[%clk 00:36:49]} {[%emt
00:00:11]} Rb5 {[%clk 00:04:24]} {[%emt 00:01:08]} 35. Rxg6 {[%clk 00:37:16]}
{[%emt 00:00:03]} Bd7 {[%clk 00:04:15]} {[%emt 00:00:38]} 36. Rxg5 {[%clk
00:36:02]} {[%emt 00:01:45]} Rxa5 {[%clk 00:04:36]} {[%emt 00:00:09]} 37. Ke3
{[%clk 00:36:28]} {[%emt 00:00:04]} Rb5 {[%clk 00:03:31]} {[%emt 00:01:35]} 38.
Ng4 {[%clk 00:34:49]} {[%emt 00:02:09]} Kd6 {[%clk 00:03:20]} {[%emt 00:00:41]}
39. Nf6 {[%clk 00:34:52]} {[%emt 00:00:27]} Ke6 {[%clk 00:02:26]} {[%emt
00:01:24]} 40. Nxd7 {[%clk 00:28:25]} {[%emt 00:06:58]} Kxd7 {[%clk 00:02:54]}
{[%emt 00:00:02]} 41. Rg7+ {[%clk 00:28:41]} {[%emt 00:00:14]} Ke6 {[%clk
00:02:00]} {[%emt 00:01:23]} 42. f4 {[%clk 00:29:10]} {[%emt 00:00:02]} exf4+
{[%clk 00:01:26]} {[%emt 00:01:04]} 43. Kxf4 {[%clk 00:29:38]} {[%emt
00:00:02]} a5 {[%clk 00:00:36]} {[%emt 00:01:21]} 44. Rg8 {[%clk 00:29:15]}
{[%emt 00:00:53]} Rb3 {[%clk 00:29:13]} {[%emt 00:01:52]} 45. d4 {[%clk
00:58:53]} {[%emt 00:00:52]} a4 {[%clk 00:21:58]} {[%emt 00:07:45]} 46. Re8+
{[%clk 00:59:20]} {[%emt 00:00:02]} Kd7 {[%clk 00:21:57]} {[%emt 00:00:32]} 47.
Ra8 {[%clk 00:59:48]} {[%emt 00:00:03]} a3 {[%clk 00:21:12]} {[%emt 00:01:15]}
48. e5 {[%clk 00:58:06]} {[%emt 00:02:11]} b5 {[%clk 00:15:02]} {[%emt
00:06:40]} 49. Kf5 {[%clk 00:58:28]} {[%emt 00:00:08]} Rf3+ {[%clk 00:15:21]}
{[%emt 00:00:10]} 50. Ke4 {[%clk 00:58:54]} {[%emt 00:00:03]} Rh3 {[%clk
00:15:24]} {[%emt 00:00:28]} 51. Kf5 {[%clk 00:59:17]} {[%emt 00:00:08]} Kc7
{[%clk 00:11:09]} {[%emt 00:04:45]} 52. e6 {[%clk 00:59:37]} {[%emt 00:00:10]}
Re3 {[%clk 00:10:10]} {[%emt 00:01:29]} 53. Kf6 {[%clk 00:59:51]} {[%emt
00:00:16]} Kb7 {[%clk 00:08:10]} {[%emt 00:02:30]} 54. Ra5 {[%clk 01:00:19]}
{[%emt 00:00:02]} Kb6 {[%clk 00:08:34]} {[%emt 00:00:06]} 55. Ra8 {[%clk
01:00:45]} {[%emt 00:00:04]} Kb7 {[%clk 00:08:42]} {[%emt 00:00:22]} 56. Ra5
{[%clk 01:01:12]} {[%emt 00:00:03]} Kb6 {[%clk 00:09:08]} {[%emt 00:00:05]} 57.
Ra8 {[%clk 01:01:37]} {[%emt 00:00:05]} b4 {[%clk 00:09:20]} {[%emt 00:00:17]}
58. Rb8+ {[%clk 01:01:41]} {[%emt 00:00:26]} Ka5 {[%clk 00:09:34]} {[%emt
00:00:17]} 59. e7 {[%clk 01:02:06]} {[%emt 00:00:04]} Ka4 {[%clk 00:09:19]}
{[%emt 00:00:46]} 60. Ra8+ {[%clk 01:01:56]} {[%emt 00:00:41]} Kb3 {[%clk
00:09:28]} {[%emt 00:00:20]} 61. Ra5 {[%clk 01:02:19]} {[%emt 00:00:07]} a2
{[%clk 00:07:53]} {[%emt 00:02:06]} 62. Re5 {[%clk 01:02:45]} {[%emt 00:00:04]}
Rf3+ {[%clk 00:08:03]} {[%emt 00:00:20]} 63. Ke6 {[%clk 01:00:24]} {[%emt
00:02:52]} a1=Q {[%clk 00:08:03]} {[%emt 00:00:30]} 64. e8=Q {[%clk 01:00:48]}
{[%emt 00:00:06]} Qxd4 {[%clk 00:07:53]} {[%emt 00:00:40]} 65. Qg6 {[%clk
01:01:16]} {[%emt 00:00:02]} Qd3 {[%clk 00:06:20]} {[%emt 00:02:02]} 66. Qg1
{[%clk 01:01:26]} {[%emt 00:00:21]} Rf1 {[%clk 00:04:28]} {[%emt 00:02:22]} 67.
Qg5 {[%clk 01:01:08]} {[%emt 00:00:48]} Qc4+ {[%clk 00:04:33]} {[%emt
00:00:26]} 68. Kd6 {[%clk 01:01:31]} {[%emt 00:00:07]} Qd4+ {[%clk 00:04:20]}
{[%emt 00:00:42]} 69. Kxc6 {[%clk 01:00:48]} {[%emt 00:01:14]} Rf3 {[%clk
00:04:15]} {[%emt 00:00:35]} 70. Kb5 {[%clk 00:59:45]} {[%emt 00:01:34]} Qc4+
{[%clk 00:03:55]} {[%emt 00:00:49]} 71. Ka5 {[%clk 00:59:39]} {[%emt 00:00:36]}
Rc3 {[%clk 00:03:49]} {[%emt 00:00:36]} 72. Re3 {[%clk 00:54:05]} {[%emt
00:06:04]} Ka2 {[%clk 00:03:15]} {[%emt 00:01:05]} 73. Re1 {[%clk 00:40:03]}
{[%emt 00:14:32]} Ra3+ {[%clk 00:03:19]} {[%emt 00:00:26]} 0-1